000 01173nam a2200277 a 4500
001 13192
003 BD-JhCC
005 20230720093226.0
008 230720s2018 bg |||| |||| 000 0 eng d
020 _a9789849103950
035 _a(BD-JhCC)13191
040 _aBD-JhCC
_dBD-JhCC
041 _aben
082 _a297.18
_bSAR 2018
100 _aসারওয়ার, মাওলানা মুহাম্মাদ ওয়াইস
245 _aহযরত ফাতেমা রা. -এর ১০০ ঘটনা /
_cমাওলানা মুহাম্মাদ ওয়াইস সারওয়ার ; মুফতি আমিনুল ইসলাম (অনু.)
260 _aঢাকা :
_bআনোয়ারা লাইব্রেরি,
_c২০১৮
300 _a১২৭ পৃ. :
_c২১ সেমি.
490 _aশতো ঘটনা সিরিজ-১৩
504 _aগ্রন্থপঞ্জি সংযোজিত।
600 _aHazrat Fatima Ra.
650 _aMuslim legend
650 _ajuvenile literature
700 _aইসলাম, মুফতি আমিনুল
942 _2ddc
_cBK
999 _c13192
_d13192